Представление документа в формате RUSMARC

ПолеНазваниеЗначение
  Тип записи c
  Библиографический уровень m
001 Контрольный номер UONB/MAIN/a68acf61a58645c48017ad21d4550e67
005 Дата корректировки 20251205103158.0
010 Индекс ISBN __
d Цена 55 к.
9 Тираж 25000 экз.
071 Издательские номер (звукозапись и ноты) 21
a Номер, присвоенный агентством 12077
100 Данные общей обработки __
a Данные общей обработки 20220505b1982 m##y0rusy0189 ca
101 Язык документа 0_
a Язык текста rus
f Язык титульного листа rus
102 Страна публикации __
a Страна публикации RU
125 Кодированные данные звукозаписи и нотных изданий __
a Форма изложения нотного текста a
128 Кодированные данные (звукозаписи-физические характеристики) __
a Кодированные данные: Музыкальная форма и тональность или лад ai
c Инструменты или голоса, рекомендуемые для солистов (устаревшее) vu
200 Заглавие и сведения об ответственности 1_
a Заглавие Вып. 84
e Сведения, относящиеся к заглавию [перелож. для вокально-инструм. ансамбля]
208 Область специфических сведений: ноты __
a Форма изложения нотного текста Партитура
210 Выходные данные 1_
d Дата издания 1982
215 Физическое описание __
d Формат 22 см
a Объем 79 с.
327 Примечание о содержании 11
a Примечание о содержании Содерж. : Парцхаладзе М. Забудь обидные слова / сл. Г. Регистана. - Лядова Л. Напиши / сл. А. Иванушкина. - Степь да степь кругом : рус. нар. песня. - Саульский Ю. Краешек зари : из кф. "Алеша" / сл. И. Шаферана. - Фаттах А. Улица дальняя / сл. В. Семакина. - Рычков Б. Не обещай / сл. И. Шаферана. - Ривчун Б. А я тебя помню / сл. И. Шаферана. - Изотов А. Спрашивают девочки / сл. С. Гершановой.
461 Уровень набора _0
1 2001
a Поем и танцуем
b Ноты
v Вып. 84
1 2101
a М.
c Музыка
d 1965 -
1 001UONB/MAIN/4fde9fb1b77a4474bcd01598adf6aca3
464 Аналитический уровень _0
1 700 1
a Парцхаладзе
b М.
1 2001
a Забудь обидные слова
e Всё спит давно...
1 702 1
a Регистан
b Г.
4 520
464 Аналитический уровень _0
1 700 1
b Лядова
a Л.
1 2001
a Напиши...
e Дорогая, я по-прежнему влюблен...
1 702 1
a Иванушкин
b А.
4 520
464 Аналитический уровень _0
1 700 1
a Саульский
b Ю.
1 2001
a Краешек зари
e На земле теперь теплей и радостней...
e из кф. "Алеша"
1 50010
a Алеша
i Краешек зари
1 702 1
a Шаферан
b И.
4 520
464 Аналитический уровень _0
1 2001
a Степь да степь кругом
e Степь да степь кругом...
e рус. нар. песня
464 Аналитический уровень _0
1 700 1
a Фаттах
b А.
1 2001
a Улица дальняя
e Улицы дальние, самые крайние...
1 702 1
a Семакин
b В.
4 520
464 Аналитический уровень _0
1 700 1
a Рычков
b Б.
1 2001
a Не обещай
e Вот и любовь пришла к нам, солнцем полна...
1 702 1
a Шаферан
b И.
4 520
464 Аналитический уровень _0
1 700 1
a Ривчун
b Б.
1 2001
a А я тебя помню
e Бывает и грусть у любви, и печаль...
1 702 1
a Шаферан
b И.
4 520
464 Аналитический уровень _0
1 700 1
a Изотов
b А.
1 2001
a Спрашивают девочки
e В женском общежитии...
1 702 1
a Гершанова
b С.
4 520
512 Заглавие обложки 1_
a Заглавие обложки Поем и танцуем
606 Тематические рубрики 0_
a Основная рубрика Вокально-инструментальные ансамбли
x Основная подрубрика Песни советских композиторов
x Основная подрубрика Лирические песни
x Основная подрубрика Эстрадные песни советских композиторов
610 Ключевые слова 0_
a Ключевые слова эстрадные песни; танцевальная музыка; лирические песни; песни советских композиторов; вокально-инструментальные ансамбли
686 Индексы других классификаций __
2 Код системы rubbk
a Классификационный индекс 85.942.8я43П
801 Источник записи _0
a Страна RU
b Организация Ульяновская ОНБ
c Дата составления 20220505
g Правила каталогизации RCR
801 Источник записи _1
a Страна RU
b Организация Ульяновская ОНБ
c Дата составления 20220505
g Правила каталогизации RCR
901 Тип документа __
t Тип документа n
w Контрольный № источника UONB/MAIN/4fde9fb1b77a4474bcd01598adf6aca3
909 Создатель записи __
a Создатель записи Никитина Т. А.